Encyclopedia of language and education
Αποθηκεύτηκε σε:
| Άλλοι συγγραφείς: | |
|---|---|
| Μορφή: | Βιβλίο |
| Γλώσσα: | English |
| Δημοσίευση: |
[New York] :
Springer,
[2008]
|
| Έκδοση: | 2nd ed. |
| Σειρά: | Springer reference
|
| Θέματα: | |
| Ετικέτες: |
Προσθήκη ετικέτας
Δεν υπάρχουν, Καταχωρήστε ετικέτα πρώτοι!
|
MARC
| LEADER | 00000nam a2200000 i 4500 | ||
|---|---|---|---|
| 001 | 1/81775 | ||
| 008 | 080411s2008 eng d | ||
| 020 | |a 978-0-387-32875-1 (hbk.) | ||
| 035 | |l 10096528 | ||
| 040 | |a GR-MY-UA |b gre |e aacr | ||
| 041 | 0 | |a eng | |
| 082 | 0 | |a 407 |2 (22) | |
| 245 | 1 | 0 | |a Encyclopedia of language and education / |c [general editor] Nancy H. Hornberger |
| 250 | |a 2nd ed. | ||
| 260 | |a [New York] : |b Springer, |c [2008] | ||
| 300 | |a 10 τ.; |c 24 εκ. | ||
| 490 | 1 | |a Springer reference | |
| 504 | |a Περιλαμβάνει βιβλιογραφίες και ευρετήριο | ||
| 505 | 0 | |a Τ.1. Language policy and political issues in education / edited by Stephen May and Nancy H. Hornberger.τ.2. Literacy / edited by Brian V. Street and Nancy H. Hornberger.τ.3. Discourse and education / edited by Marilyn Martin-Jones, Anne-Marie de Mejia and Nancy H. Hornberger.τ.4. Second and foreign language education / edited by Nelleke Van Deusen-Scholl and Nancy H. Hornberger.τ.5. Bilingual education / edited by Jim Cummins and Nancy H. Hornberger.τ.6. Knowledge about language / edited by Jasone Cenoz and Nancy H. Hornberger.τ.7. Language testing and assessment / edited by Elana Shohamy and Nancy H. Hornberger.τ.8. Language socialization / edited by Patricia A. Duff and Nancy H. Hornberger.τ.9. Ecology of language / edited by Angela Creese, Peter Martin and Nancy H. Hornberger.τ.10. Research methods in language and education / edited by Kendall A. King and Nancy H. Hornberger | |
| 650 | 0 | 0 | |a Language and education |x Encyclopedias. |
| 650 | 0 | 0 | |a Language policy. |
| 650 | 0 | 0 | |a Language and languages |x Study and teaching. |
| 700 | 1 | |a Hornberger, Nancy H. |4 edt | |
| 740 | 0 | 2 | |a Language policy and political issues in education |
| 740 | 0 | 2 | |a Literacy |
| 740 | 0 | 2 | |a Discourse and education |
| 740 | 0 | 2 | |a Second and foreign language education |
| 740 | 0 | 2 | |a Bilingual education |
| 740 | 0 | 2 | |a Knowledge about language |
| 740 | 0 | 2 | |a Language testing and assessment |
| 740 | 0 | 2 | |a Language socialization |
| 740 | 0 | 2 | |a Ecology of language |
| 740 | 0 | 2 | |a Research methods in language and education |
| 830 | 0 | |a Springer reference | |
| 852 | |a INST |b RHODES |e 20080411 |h 407 ENC |p 005400029326 |q 005400029326 |t REF |y 23 |z τ.10 | ||
| 852 | |a INST |b RHODES |e 20080411 |h 407 ENC |p 005400029327 |q 005400029327 |t REF |y 23 |z τ.9 | ||
| 852 | |a INST |b RHODES |e 20080411 |h 407 ENC |p 005400029328 |q 005400029328 |t REF |y 23 |z τ.8 | ||
| 852 | |a INST |b RHODES |e 20080411 |h 407 ENC |p 005400029329 |q 005400029329 |t REF |y 23 |z τ.7 | ||
| 852 | |a INST |b RHODES |e 20080411 |h 407 ENC |p 005400029330 |q 005400029330 |t REF |y 23 |z τ.6 | ||
| 852 | |a INST |b RHODES |e 20080411 |h 407 ENC |p 005400029331 |q 005400029331 |t REF |y 23 |z τ.5 | ||
| 852 | |a INST |b RHODES |e 20080411 |h 407 ENC |p 005400029332 |q 005400029332 |t REF |y 23 |z τ.4 | ||
| 852 | |a INST |b RHODES |e 20080411 |h 407 ENC |p 005400029333 |q 005400029333 |t REF |y 23 |z τ.3 | ||
| 852 | |a INST |b RHODES |e 20080411 |h 407 ENC |p 005400029334 |q 005400029334 |t REF |y 23 |z τ.2 | ||
| 852 | |a INST |b RHODES |e 20080411 |h 407 ENC |p 005400029335 |q 005400029335 |t REF |y 23 |z τ.1 | ||
| 852 | |a INST |b RHODES |e 20080411 |h 407 ENC |p 005400029326 |q 005400029326 |t REF |v τ.10: |y 23 |z τ.10 | ||
| 852 | |a INST |b RHODES |e 20080411 |h 407 ENC |p 005400029327 |q 005400029327 |t REF |v τ.9: |y 23 |z τ.9 | ||
| 852 | |a INST |b RHODES |e 20080411 |h 407 ENC |p 005400029328 |q 005400029328 |t REF |v τ.8: |y 23 |z τ.8 | ||
| 852 | |a INST |b RHODES |e 20080411 |h 407 ENC |p 005400029329 |q 005400029329 |t REF |v τ.7: |y 23 |z τ.7 | ||
| 852 | |a INST |b RHODES |e 20080411 |h 407 ENC |p 005400029330 |q 005400029330 |t REF |v τ.6: |y 23 |z τ.6 | ||
| 852 | |a INST |b RHODES |e 20080411 |h 407 ENC |p 005400029331 |q 005400029331 |t REF |v τ.5: |y 23 |z τ.5 | ||
| 852 | |a INST |b RHODES |e 20080411 |h 407 ENC |p 005400029332 |q 005400029332 |t REF |v τ.4: |y 23 |z τ.4 | ||
| 852 | |a INST |b RHODES |e 20080411 |h 407 ENC |p 005400029333 |q 005400029333 |t REF |v τ.3: |y 23 |z τ.3 | ||
| 852 | |a INST |b RHODES |e 20080411 |h 407 ENC |p 005400029334 |q 005400029334 |t REF |v τ.2: |y 23 |z τ.2 | ||
| 852 | |a INST |b RHODES |e 20080411 |h 407 ENC |p 005400029335 |q 005400029335 |t REF |v τ.1: |y 23 |z τ.1 | ||
| 853 | |a INST |b RHODES |h 407 ENC | ||
| 901 | |a BIBL4-2008-1 | ||
| 909 | |a Ρ |b 152270 | ||
| 909 | |a Ρ |b 152271 | ||
| 909 | |a Ρ |b 152272 | ||
| 909 | |a Ρ |b 152273 | ||
| 909 | |a Ρ |b 152274 | ||
| 909 | |a Ρ |b 152275 | ||
| 909 | |a Ρ |b 152276 | ||
| 909 | |a Ρ |b 152277 | ||
| 909 | |a Ρ |b 152278 | ||
| 909 | |a Ρ |b 152279 | ||
| 922 | |a 4ΕΛΗ |b 200803 |c ΕΠΕΑΕΚ2/ΠΤΔΕ |d ΠΑΠΑΣΩΤΗΡΙΟΥ | ||
| 970 | |a ΧΑΡΙΟΠΟΛΙΤΟΥ |b ΚΩΝΣΤΑΝΤΙΝΑ |z 2008/04/11 | ||